| 000 | 00540cam a22002052a 4500 | ||
|---|---|---|---|
| 001 | 008287 | ||
| 003 | AR-FADEU | ||
| 008 | 311216n1983####xxu####################dd | ||
| 020 | _a0-582-55530-2 | ||
| 092 |
_a423 _bC865p _eEYDI |
||
| 100 | _aCourtney, Risemary | ||
| 245 | _aLongman dictionary of phrasal verbs | ||
| 260 | _aHarlow | ||
| 260 | _bLongman | ||
| 260 | _c1983 | ||
| 300 | _a734 p | ||
| 650 | _a/LINGUISTICA/INGLES-DICCIONARIOS; VERBOS CON PARTICULA; DICCIONARIOS/REVISADO//EYDI/ | ||
| 546 | _aInglés | ||
| 942 | _cEYDI | ||
| 999 |
_c14100 _d14100 |
||